Demonstrative Reference in Plautus /

This is the first comprehensive monograph about demonstratives in Plautus. It uses advanced statistical methods to analyze the morphosyntactic and semantic properties of demonstratives establishing situational (extra-linguistic) and recognitional (mnemonic) reference, thus providing new insights int...

Full description

Saved in:

Main Author: Breunesse, Merlijn (Author)

Format: eBook

Language: English

Published: Leiden ; Boston : Brill, 2026.

Series: Classical Studies E-Books Online, Collection 2025.
The Language of Classical Literature ; 42.

Subjects:

Online Access: Login to view Source

Tags: Add Tag

No Tags, Be the first to tag this record!

Call Number: N5305

LEADER 03983nam a22005178i 4500
001 BRILL9789004749993
003 nllekb
005 20260324115023.0
006 m d
007 cr un uuuua
008 251016s2026 gw sb 001 0 eng d
020 |a 9789004749993  |q (electronic book) 
020 |z 9789004745391  |q (print) 
024 7 |a 10.1163/9789004749993  |2 DOI 
040 |a NL-LeKB  |c NL-LeKB  |e rda 
041 |a eng 
050 4 |a N5305 
072 7 |a DSBB  |2 bicssc 
072 7 |a LIT  |x 004190  |2 bisacsh 
072 7 |a LIT  |x 011000  |2 bisacsh 
082 0 4 |a 709  |2 23 
100 1 |a Breunesse, Merlijn,  |e author. 
245 1 0 |a Demonstrative Reference in Plautus /  |c Merlijn Breunesse. 
264 1 |a Leiden ;  |a Boston :  |b Brill,  |c 2026. 
264 4 |c ©2026 
300 |a 1 online resource (278 pages) :  |b illustrations. 
336 |a text  |b txt  |2 rdacontent 
337 |a computer  |b c  |2 rdamedia 
338 |a online resource  |2 rdacarrier 
490 1 |a Classical Studies E-Books Online, Collection 2025 
490 1 |a The Language of Classical Literature ;  |v 42 
504 |a Includes bibliographical references and index. 
505 0 |t Acknowledgements -- List of Figures and Tables -- Abbreviations and glosses -- 1 Introduction -- 2 Theoretical background -- 2.1 Defining demonstratives: situational and recognitional reference in Latin -- 2.2 Hic , iste , and ille : the semantic contrast -- 2.3 Hic , iste , and ille : position in the noun phrase -- 2.4 Hic , iste , and ille : the particle ‑ c ( e ) -- 2.5 Demonstratives in Plautine drama -- 2.6 Conclusion -- 3 Situational reference -- 3.1 Situational reference in Latin: previous literature -- 3.2 Situational reference in Plautus -- 3.3 The deictic contrast -- 3.4 Blending fiction and reality in Plautine drama -- 3.5 Conclusion -- 4 Recognitional reference -- 4.1 Recognitional reference in Latin: previous literature -- 4.2 Recognitional reference in Plautus -- 4.3 The deictic contrast -- 4.4 Recognitional demonstratives and information management on the Plautine stage -- 4.5 Conclusion -- 5 Formal differences -- 5.1 Position in the noun phrase -- 5.2 The particle ‑ c ( e ) -- 5.3 Additional constituents -- 5.4 Pauses -- 5.5 Conclusion -- 6 (Inter)subjectivity and (inter)subjectification -- 6.1 (Inter)subjectivity, (inter)subjectification, and demonstratives -- 6.2 (Inter)subjectivity and the Latin demonstratives -- 6.3 The case of recognitional iste and different types of common ground -- 6.4 Conclusion -- 7 Conclusion -- Appendix 1: Data collection and statistical methods -- Appendix 2: Data -- Bibliography -- Index. 
520 |a This is the first comprehensive monograph about demonstratives in Plautus. It uses advanced statistical methods to analyze the morphosyntactic and semantic properties of demonstratives establishing situational (extra-linguistic) and recognitional (mnemonic) reference, thus providing new insights into demonstratives in Latin while also illustrating the great potential of quantitative methodologies for research in Latin linguistics. Furthermore, the specific referential properties of these demonstratives are shown to contribute significantly to two characteristic features of Plautine drama: the construction of fictional worlds that are not fully separate from reality and the close relationship between the characters and the audience. 
546 |a English 
588 |a Description based on print version record. 
650 0 |a Art History. 
650 0 |a Classical Studies. 
650 0 |a Drama & Theatre Studies. 
650 0 |a Greek & Latin Linguistics. 
650 0 |a Greek & Latin Literature. 
776 0 8 |i Print version:  |t Demonstrative Reference in Plautus.  |d Leiden ; Boston : Brill, 2026.  |z 9789004745391  |w (OCoLC)1527866198 
830 0 |a Classical Studies E-Books Online, Collection 2025. 
830 0 |a The Language of Classical Literature ;  |v 42. 
856 4 |z DOI:   |u http://dx.doi.org/10.1163/9789004749993 
999 |c 61954  |d 61954